000 00255cam a2200121 4500
001 J125088
008 040209n 000 0 eng u
035 _a(Sirsi) u125088
041 _aeng
110 _aDEFRA
245 _aFarm business survey
942 _n0
999 _c103335
_d103335